[Event "32.Schlosspark-Open"]
[Site "Wiesbaden-Biebrich"]
[Date "2023.08.27"]
[Round "6.85"]
[White "Barth, Horst"]
[Black "Maibaum, Harry"]
[Result "1-0"]
[WhiteElo "1242"]
[BlackElo "1496"]
[PlyCount "39"]
[EventDate "2023.??.??"]
[WhiteTeam "Sfr.Mainz 1928"]
[BlackTeam "Sfr.Heimersheim"]

1. d4 d5 2. c4 c6 3. Bf4 g6 4. e3 Bg7 5. Nc3 Nf6 6. Bd3 O-O 7. h3 Re8 8. cxd5 cxd5 9. Nf3 a6 10. O-O Nc6 11. a3 e6 12. Rc1 Na5 13. Ne2 Ne4 14. Bc7 Qe7 15. Bxa5 Bd7 16. Rc7 Rab8 17. Ne5 Bxe5 18. dxe5 Rec8 19. Bxe4 dxe4 20. Rxd7 1-0

[Event "32.Schlosspark-Open"]
[Site "Wiesbaden-Biebrich"]
[Date "2023.08.27"]
[Round "6.86"]
[White "Busch, Günther"]
[Black "Hafner, Hans-Peter"]
[Result "1/2-1/2"]
[WhiteElo "1492"]
[BlackElo "1155"]
[PlyCount "41"]
[EventDate "2023.??.??"]
[WhiteTeam "Sfr Stiller Zug Wiesbaden"]
[BlackTeam "Sfr.Mainz 1928"]

1. Nf3 Nf6 2. c4 g6 3. b3 Bg7 4. Bb2 O-O 5. g3 d6 6. Bg2 Bg4 7. h3 Bxf3 8. Bxf3 c6 9. O-O e5 10. d3 Nbd7 11. e4 h6 12. Nc3 Nh7 13. Bg2 f5 14. Rb1 Qg5 15. Bc1 f4 16. Qg4 Qxg4 17. hxg4 fxg3 18. f3 Rf7 19. Ne2 h5 20. gxh5 gxh5 21. Nxg3 1/2-1/2

[Event "32.Schlosspark-Open"]
[Site "Wiesbaden-Biebrich"]
[Date "2023.08.27"]
[Round "6.88"]
[White "Simons, Manfred"]
[Black "Fleck, Peter"]
[Result "0-1"]
[WhiteElo "1208"]
[BlackElo "1240"]
[PlyCount "40"]
[EventDate "2023.??.??"]
[WhiteTeam "SV Frankfurt Nord 1926"]
[BlackTeam "SC Flörsheim 1921"]

1. e4 c6 2. d4 d5 3. e5 Bf5 4. Nf3 e6 5. Bd3 Bxd3 6. Qxd3 Nd7 7. O-O Qb6 8. Nc3 Ne7 9. b3 Nf5 10. Ne2 c5 11. dxc5 Nxc5 12. Qc3 Ne4 13. Qb2 Be7 14. Ned4 Nxd4 15. Nxd4 Rc8 16. Be3 Qa6 17. f3 Nc3 18. Bd2 Ne2+ 19. Nxe2 Qxe2 20. Bc3 Qe3+ 0-1